| 000 | 00000nas##2200000za#4500 |
|---|---|
| 001 | 9.502069 |
| 003 | CaOODSP |
| 005 | 20220901164644 |
| 007 | cr ||||||||||| |
| 008 | 150406c1994||||xxc|| m o||||f| |0fre|d |
| 040 | |aCaOODSP|bfre |
| 043 | |an-cn--- |
| 086 | 1 |aJ3-8F-PDF |
| 110 | 1 |aCanada.|bJustice Canada. |
| 245 | 10|aDocument de travail |h[ressource électronique] |
| 260 | |aOttawa - Ontario : |bJustice Canada |c[199-?]-. |
| 310 | |aIrrégulier |
| 362 | 1 |a[WD199-?]- |
| 691 | 07|aCrime|2gcpds |
| 691 | 07|aDroit|2gcpds |
| 775 | 08|tWorking document |w(CaOODSP)9.505668 |